000 00872nam a22002417a 4500
003 OSt
005 20260124090537.0
008 230627b ||||| |||| 00| 0 eng d
040 _cSSBUL
041 _ashan
082 _223
_a615.7042
100 0 _aပၢၼ်းႁႅင်း၊
_cၸၢႆး။
_925937
245 1 0 _aမလူမ်းမိၼ် /
_cၸၢႆးပၢၼ်းႁႅင်း။
260 _bမုၵ်ႉၸုမ်းၵေႃႉႁၵ်ႉလိၵ်ႈတႆး၊
_c2002 ။
300 _a80 ၼႃႈ၊
_bႁၢင်ႈၵႃႇတုၼ်း၊
_c20 ၸိၼ်ႇတီႇ။
500 _aS-SAT: Dr. Prof Sai Aung Tun
504 _aပႃးၽိုၼ်ဢိင်
650 _aၽွၼ်းႁၢႆႉ - ယႃႈမဝ်းၵမ်
_926849
942 _cBK
942 _2ddc
942 _2ddc
942 _2ddc
999 _c26403
_d26403